<?xml version='1.0' encoding='UTF-8'?>
  <record xmlns="http://www.loc.gov/MARC21/slim">
    <leader>00000cam a2200000 i 4500</leader>
    <controlfield tag="001">ocm65060828</controlfield>
    <controlfield tag="003">OCoLC</controlfield>
    <controlfield tag="005">20250628091950.3</controlfield>
    <controlfield tag="008">900119s1943    ne       m    000 0 dut d</controlfield>
    <datafield tag="040" ind1=" " ind2=" ">
      <subfield code="a">NLGGC</subfield>
      <subfield code="b">dut</subfield>
      <subfield code="e">fobidrtb</subfield>
      <subfield code="c">NLGGC</subfield>
      <subfield code="d">L2U</subfield>
      <subfield code="d">OCLCO</subfield>
      <subfield code="d">OCLCL</subfield>
      <subfield code="d">OCLCQ</subfield>
    </datafield>
    <datafield tag="029" ind1="0" ind2=" ">
      <subfield code="a">NLGGC</subfield>
      <subfield code="b">057924678</subfield>
    </datafield>
    <datafield tag="035" ind1=" " ind2=" ">
      <subfield code="a">(OCoLC)65060828</subfield>
    </datafield>
    <datafield tag="084" ind1=" " ind2=" ">
      <subfield code="a">11.51</subfield>
      <subfield code="2">bcl</subfield>
    </datafield>
    <datafield tag="084" ind1=" " ind2=" ">
      <subfield code="a">08.21</subfield>
      <subfield code="2">bcl</subfield>
    </datafield>
    <datafield tag="100" ind1="1" ind2=" ">
      <subfield code="a">Quispel, G.</subfield>
      <subfield code="q">(Gilles),</subfield>
      <subfield code="d">1916-2006.</subfield>
      <subfield code="1">https://id.oclc.org/worldcat/entity/E39PBJB8rw7q3D8ThdRQcPhvHC</subfield>
    </datafield>
    <datafield tag="245" ind1="1" ind2="3">
      <subfield code="a">De bronnen van Tertullianus' Adversus Marcionem /</subfield>
      <subfield code="c">door Gilles Quispel.</subfield>
    </datafield>
    <datafield tag="260" ind1=" " ind2=" ">
      <subfield code="a">[Leiden] :</subfield>
      <subfield code="b">Burgersdijk &amp; Niermans,</subfield>
      <subfield code="c">1943.</subfield>
    </datafield>
    <datafield tag="300" ind1=" " ind2=" ">
      <subfield code="a">VIII, 143 p. ;</subfield>
      <subfield code="c">24 cm.</subfield>
    </datafield>
    <datafield tag="336" ind1=" " ind2=" ">
      <subfield code="a">tekst</subfield>
      <subfield code="b">txt</subfield>
      <subfield code="2">rdacontent/dut</subfield>
    </datafield>
    <datafield tag="337" ind1=" " ind2=" ">
      <subfield code="a">zonder medium</subfield>
      <subfield code="b">n</subfield>
      <subfield code="2">rdamedia/dut</subfield>
    </datafield>
    <datafield tag="338" ind1=" " ind2=" ">
      <subfield code="a">band</subfield>
      <subfield code="b">nc</subfield>
      <subfield code="2">rdacarrier/dut</subfield>
    </datafield>
    <datafield tag="502" ind1=" " ind2=" ">
      <subfield code="a">Proefschrift Utrecht.</subfield>
    </datafield>
    <datafield tag="504" ind1=" " ind2=" ">
      <subfield code="a">Met lit. opg en index.</subfield>
    </datafield>
    <datafield tag="530" ind1=" " ind2=" ">
      <subfield code="a">Titel wordt gedigitaliseerd voor de Koninklijke Bibliotheek in het kader van Metamorfoze.</subfield>
    </datafield>
    <datafield tag="600" ind1="1" ind2="4">
      <subfield code="a">Tertullianus, Quintus Septimius Florens,</subfield>
      <subfield code="d">ca.160-ca.220.</subfield>
      <subfield code="0">(NL-LeOCL)068999968</subfield>
    </datafield>
    <datafield tag="600" ind1="0" ind2="4">
      <subfield code="a">Marcion,</subfield>
      <subfield code="d">ca85-ca160.</subfield>
      <subfield code="0">(NL-LeOCL)071096833</subfield>
    </datafield>
    <datafield tag="600" ind1="0" ind2="4">
      <subfield code="a">Irenaeus,</subfield>
      <subfield code="c">Lugdunensis,</subfield>
      <subfield code="d">2e E.</subfield>
      <subfield code="0">(NL-LeOCL)068596545</subfield>
    </datafield>
    <datafield tag="600" ind1="0" ind2="4">
      <subfield code="a">Theophilus,</subfield>
      <subfield code="c">Antiochenus,</subfield>
      <subfield code="d">2e eeuw.</subfield>
      <subfield code="0">(NL-LeOCL)069965285</subfield>
    </datafield>
    <datafield tag="600" ind1="0" ind2="4">
      <subfield code="a">Justinus,</subfield>
      <subfield code="c">Martyr,</subfield>
      <subfield code="d">ca100-165.</subfield>
      <subfield code="0">(NL-LeOCL)069751099</subfield>
    </datafield>
    <datafield tag="600" ind1="1" ind2="4">
      <subfield code="a">Harnack, Adolf</subfield>
      <subfield code="q">(Karl Gustav Adolf),</subfield>
      <subfield code="d">1851-1930.</subfield>
      <subfield code="0">(NL-LeOCL)068342012</subfield>
    </datafield>
    <datafield tag="600" ind1="0" ind2="4">
      <subfield code="a">Paulus,</subfield>
      <subfield code="c">van Tarsus,</subfield>
      <subfield code="d">ca. 6 v.Chr-64, of 67.</subfield>
      <subfield code="0">(NL-LeOCL)072288078</subfield>
    </datafield>
    <datafield tag="650" ind1=" " ind2="7">
      <subfield code="a">11.51 early Christianity.</subfield>
      <subfield code="0">(NL-LeOCL)077594339</subfield>
      <subfield code="2">bcl</subfield>
    </datafield>
    <datafield tag="650" ind1=" " ind2="7">
      <subfield code="a">08.21 Ancient philosophy.</subfield>
      <subfield code="0">(NL-LeOCL)077593340</subfield>
      <subfield code="2">bcl</subfield>
    </datafield>
    <datafield tag="650" ind1="1" ind2="7">
      <subfield code="a">Kerkvaders.</subfield>
      <subfield code="2">gtt</subfield>
      <subfield code="0">(NL-LeOCL)078558042</subfield>
    </datafield>
    <datafield tag="650" ind1="1" ind2="7">
      <subfield code="a">Patristiek.</subfield>
      <subfield code="2">gtt</subfield>
      <subfield code="0">(NL-LeOCL)078624479</subfield>
    </datafield>
    <datafield tag="600" ind1="1" ind2="7">
      <subfield code="a">Tertullianus, Quintus Septimius Florens,</subfield>
      <subfield code="d">ca160-ca220.</subfield>
      <subfield code="0">(NL-LeOCL)068999968</subfield>
      <subfield code="2">nta</subfield>
    </datafield>
    <datafield tag="600" ind1="0" ind2="7">
      <subfield code="a">Marcion,</subfield>
      <subfield code="d">ca85-ca160.</subfield>
      <subfield code="0">(NL-LeOCL)071096833</subfield>
      <subfield code="2">nta</subfield>
    </datafield>
    <datafield tag="600" ind1="0" ind2="7">
      <subfield code="a">Irenaeus Lugdunensis,</subfield>
      <subfield code="d">2e E.</subfield>
      <subfield code="0">(NL-LeOCL)068596545</subfield>
      <subfield code="2">nta</subfield>
    </datafield>
    <datafield tag="600" ind1="0" ind2="7">
      <subfield code="a">Theophilus Antiochenus,</subfield>
      <subfield code="d">2e eeuw.</subfield>
      <subfield code="0">(NL-LeOCL)069965285</subfield>
      <subfield code="2">nta</subfield>
    </datafield>
    <datafield tag="600" ind1="1" ind2="7">
      <subfield code="a">Justinus, Martyr,</subfield>
      <subfield code="d">ca100-165.</subfield>
      <subfield code="0">(NL-LeOCL)069751099</subfield>
      <subfield code="2">nta</subfield>
    </datafield>
    <datafield tag="600" ind1="1" ind2="7">
      <subfield code="a">Harnack, Adolf,</subfield>
      <subfield code="d">1851-1930.</subfield>
      <subfield code="0">(NL-LeOCL)068342012</subfield>
      <subfield code="2">nta</subfield>
    </datafield>
    <datafield tag="600" ind1="1" ind2="7">
      <subfield code="a">Paulus,</subfield>
      <subfield code="c">van Tarsus,</subfield>
      <subfield code="d">ca. 6 v.Chr-67.</subfield>
      <subfield code="0">(NL-LeOCL)072288078</subfield>
      <subfield code="2">nta</subfield>
    </datafield>
    <datafield tag="655" ind1=" " ind2="7">
      <subfield code="a">Proefschriften (vorm)</subfield>
      <subfield code="2">gtt</subfield>
      <subfield code="0">(NL-LeOCL)088144445</subfield>
    </datafield>
    <datafield tag="936" ind1=" " ind2=" ">
      <subfield code="a">BATCHLOAD</subfield>
    </datafield>
  </record>